El soldadito de plomo /

Guardado en:
Autor Principal: Cinetto, Liliana
Otros Autores: Degliuomini, Claudia; il.
Formato: Libro
Publicado: Buenos Aires : Pictus, 2013
Materias:
Etiquetas: Agregar Etiqueta
Sin Etiquetas, Sea el primero en etiquetar este registro!
LEADER 00878nam a22002535a 4500
001 CEM.cems015059
005 20190912145453.0
008 130507s2013##################000#0#####d
003 CEMS
020 |a 9789871534715 
082 0 4 |a A863.4 
100 1 |a Cinetto, Liliana 
245 1 0 |a El soldadito de plomo /  |c Liliana Cinetto; ilustrado Por Claudia Degliumini 
260 |a Buenos Aires :  |b Pictus,  |c 2013 
300 |a 24 p. 
500 |a Un cuento de Hans Christian Andersen contado por Liliana Cinetto 
653 |a Literatura 
653 |a Literatura argentina 
653 |a Literatura infantil 
653 |a Cuentos infantiles 
653 |a Colección ciencias de la educación 
700 1 |a Degliuomini, Claudia; il. 
859 |a CEMS  |b BIB. CEMS - Ccias. Educacion  |h A863.4  |i C490  |k CE  |p 27954.19  |t Ej.1 
859 |a CEMS  |b BIB. CEMS - Ccias. Educacion  |h A863.4  |i C490  |k CE  |p 28636.19  |t Ej.2